COINS ANS MEDALS (Record no. 147792)
[ view plain ]
| 000 -LEADER | |
|---|---|
| fixed length control field | 00423nam a22001577a 4500 |
| 003 - CONTROL NUMBER IDENTIFIER | |
| control field | LK-CoDNM |
| 005 - DATE AND TIME OF LATEST TRANSACTION | |
| control field | 20240815093429.0 |
| 008 - FIXED-LENGTH DATA ELEMENTS--GENERAL INFORMATION | |
| fixed length control field | 240815b |||||||| |||| 00| 0 eng d |
| 040 ## - CATALOGING SOURCE | |
| Original cataloging agency | LK-CoDNM |
| Modifying agency | LK-CoDNM |
| Description conventions | LK-CoDNM |
| 080 ## - UNIVERSAL DECIMAL CLASSIFICATION NUMBER | |
| Universal Decimal Classification number | 9 |
| Item number | G2 |
| 942 ## - ADDED ENTRY ELEMENTS (KOHA) | |
| Koha item type | Books |
| 100 ## - MAIN ENTRY--PERSONAL NAME | |
| Personal name | THE BRITH MUSEUM OFFICIAL CATALOGUES |
| 245 ## - TITLE STATEMENT | |
| Title | COINS ANS MEDALS |
| 260 ## - PUBLICATION, DISTRIBUTION, ETC. (IMPRINT) | |
| Place of publication, distribution, etc. | LONDON |
| Name of publisher, distributor, etc. | PATERNOSTER ROW , EC |
| Date of publication, distribution, etc. | 1885 |
| 300 ## - PHYSICAL DESCRIPTION | |
| Extent | X, 286P. : ILL ; 24 CM |
No items available.


